Регионална библиотека "Любен Каравелов" - Русе

Конкурентни предимства в туризма (Запис номер 45621)

MARC детайли
000 -Лидер
Контролно поле с фиксирана дължина 01950nam a2200397 c 4500
003 - Код на организацията, давaща контролен номер
Контролно поле BLK
005 - Дата и час на последна редакция
Контролно поле 20180420221649.0
008 - Елементи от данни с фиксирана дължина
fixed length control field 180408b bul|||||r ||||||| ||bul||
010 ## - Наследен системен номер
LC control number KNG00049418000
020 ## - Международен стандартен номер на книга ISBN
Международен стандартен номер на книга ISBN 954-8981-57-2
-- издат.: Нова звезда
040 ## - Източник на каталожния запис
Идентификатор на билиотеката - собственик на записа BLK
041 ## - Код за език
Код за езика на текст/звукозапис или на отделно заглавие Български
Код за езика КДБФ Български
080 ## - УДК
Текстов определител УДК Туризмът от стопанско гледище. Политика по отношение на туризма. Икономика и организация на туризма. Вътрешен и международен туризъм. Вж и 379.8
УДК код - определител по УДК 338.48
УДК определител
УДК - код + определител 338.48
080 ## - УДК
Текстов определител УДК Пазар. Анализ на пазара. Търсене. Предлагане. Конкуренция. Маркетингова логистика
УДК код - определител по УДК 339.13
УДК определител
УДК - код + определител 339.13
100 1# - Редна дума - Автор
Автор Рибов, Манол Николов
Авторска отговорност първи автор
R(LIN) 246062
139 ## - Редно поле
Редна дума Рибов, Манол Николов
Авторски знак Ри - Р 58
245 10 - Сведения за заглавието
Заглавие Конкурентни предимства в туризма
Редно поле (дума) Манол Николов Рибов.
257 ## - Страна на издаване
Страна на създаване/издаване България
260 ## - Област на издателските данни
-- София
Име на издателя, разпространителя и проч. Нова звезда
Година на издаване 2005
300 ## - Физическа характеристика
Страници 452 с.
Размери/Мащаб 24 см
380 ## - Жанр
Жанр Обществени науки
490 1# - СЕРИИ (Колекции)
Име на серия Туризъм без граници
500 ## - Общи забележки
Забележка На кор. загл. Конкурентно предимство в туризма. - Съдържа и Наръчник за конкурентноспособност. - Библиогр. с. 153-154.
504 ## - Забележка за наличие на библиография и др
Забележка за наличие на библиография и под. 153-154
650 #4 - Допълнително описание по предмет – тема
Основно описание – тема или топоним Туризъм - икономика и организация
9 (RLIN) 263794
650 #4 - Допълнително описание по предмет – тема
Основно описание – тема или топоним Туризъм, международен - икономика и организация
9 (RLIN) 248420
650 #4 - Допълнително описание по предмет – тема
Основно описание – тема или топоним Конкуренция (икон.)
9 (RLIN) 263986
653 ## - Ключова дума – ненормативна
Ключова дума туризъм
653 ## - Ключова дума – ненормативна
Ключова дума икономика
653 ## - Ключова дума – ненормативна
Ключова дума конкуренция
852 ## - Местоположение
Форматна сигнатура Цб 223339
856 4# - Електронен адрес и достъп
Електронен формат pdf - файл
Път до файла /url/
856 4# - Електронен адрес и достъп
Електронен формат pdf - файл
Път до файла /url/
942 ## - АРТИКУЛИ
Вид на библиотечния материал Книги
Скрит в OPAC Не
944 ## - СЪЗДАВАНЕ И РЕДАКЦИЯ на ЗАПИСА
Създаване/Редакция Създаване
Дата на регистрацията/редакция 12.04.2005
Служител, извършил регистрацията/редакцията Кети_Илиева
944 ## - СЪЗДАВАНЕ И РЕДАКЦИЯ на ЗАПИСА
Създаване/Редакция Редакция
Дата на регистрацията/редакция 22.11.2012
Служител, извършил регистрацията/редакцията
999 ## - СИСТЕМНИ КОНТРОЛНИ НОМЕРА
Koha biblionumber 45621
Koha biblioitemnumber 45621
Наличности
Код за отписване Код за изгубен артикул Код за повреда Коз за рестрикции Код за отдаване Артикулен № Име на библиотеката - собственик Име на библиотеката, в която се намира в момента Статус (Текущо местоположение) Дата на вписване в системата Местоположение - отдел Цена в лева Инвентарен номер Систематично азбучна сигнатура Баркод Номер на екземпляра Цена в евро Служебна бележка Служебен тип на артикула
  Не е изгубен Не е повреден без рестрикции ползва се в читалня 71744 Регионална библиотека "Любен Каравелов" Русе Регионална библиотека "Любен Каравелов" Русе Читалня 2005-04-12 Читалня 15.00 120000693144 Ч 338/Р 58 120000693144 1 7.67 Дост: Pk Вид: Ф N: 29410 Дата: 11.04.2005 Дата инв: 23.03.2017 Бележки инв: Ч2017 Книги
Vip Innovations Ltd, Rousse, Bulgaria 2025